000 00224nam a22001097a 4500
082 _a001
_bKOH/F
245 _aFLOWERS
_bTHINGS U WANT 2 KNOW
260 _aDELHI
_bROHAN BOOK
300 _a24
650 _aGK
_zDELHI
942 _cBK
999 _c6354
_d6354